00923cam a2200289 a 4500001000500000005001700005020001500022040002300037050001500060082001400075100003200089245008200121260003400203300004700237490002800284500004400312500002000356505000800376520008200384521002000466521002000486650003300506650002100539650001900560700001700579700003700596165720250826102659.0 a0439220300 aDLCcDLCdDLCbeng00aPS2605.B3400a811.32201 aPoe, Edgar Alland1809-184910aEdgar Allan Poe /cedited by Brod Bagert ; illustrated by Carolynn Cobleigh. c1995bScholastic,aNew York : a48 pages :bColor illustrations ; c26 cm  aPoetry for young people a"A Magnolia Editions book"--T.p. verso. aIncludes index. aS  aA collection of thirteen poems and eight prose selections from larger works. a800 bLexile  aS bRaz-Plus 00aChildren's poetry, American. 1aAmerican poetry. 1aShort stories.1 aBagert, Brod1 aCobleigh, Carolynneillustrator